000 00715nam a2200277Ia 4500
005 20260324120420.0
008 008 260324s9999 xx 000 0 eng d
020 _a9781315630748
037 _aEBOOK
040 _aCRL
040 _beng
040 _cCRL
041 _2eng
041 _aeng
084 _qCRL
100 _aDuncan MacKenzie; Shlomo Bunimovitz; Zvi Lederman; Nicoletta Momigliano
_91158481
245 4 _aThe Excavations of Beth Shemesh, November-December 1912
260 _bTaylor and Francis
260 _c2015
365 _a
365 _b230
856 _uhttp://www.taylorfrancis.com/books/9781315630748
942 _cEBOOK
999 _c1750003
_d1750003